| 000 | 00524nam a2200169 4500 | ||
|---|---|---|---|
| 001 | 136325 | ||
| 003 | ES-MaACL | ||
| 005 | 20250925063043.0 | ||
| 007 | t| | ||
| 008 | 070214s1973 sp r ||||1| spa d | ||
| 100 | 1 |
_aRumeu de Armas, Antonio, _d1912-2006 _9100991 |
|
| 245 | 1 | 0 |
_aAlfonso de Ulloa, introductor de la cultura espaƱola en Italia / _cAntonio Rumeu de Armas. |
| 260 |
_aMadrid : _bGredos, _cCondor. |
||
| 300 |
_a191 p. ; _c21 cm. |
||
| 852 |
_aES-MaACL _jC-49927 _bR.85035 |
||
| 999 |
_c136325 _d136325 |
||